Countries That Produce The Most Salt - Statistics

General Stats
  • This quiz has been taken 163 times
  • The average score is 11 of 15
Answer Stats
% Of Total Produced Country % Correct
2.91% China
98%
4.62% United States
97%
8.17% India
95%
6.38% Mexico
89%
1.98% United Kingdom
87%
6.15% Canada
85%
3.64% Spain
83%
5.37% Australia
82%
2.23% France
82%
7.87% Germany
79%
4.07% Egypt
61%
4.60% Chile
60%
8.82% Netherlands
54%
2.89% Belgium
43%
2.60% Belarus
10%
No matching quizzes found
Score Distribution
Percent of People with Each Score
Percentile by Number Answered
Your Score History
You have not taken this quiz